000 00851nas a2200277 4500
001 BR9500568
003 BR-BrBNA
005 20231205093834.0
007 ta
008 230509b bl.|||p| |||| 00| 00por d
040 _aBR-BrBNA
_bpor
_cBiblioteca Nacional de Agricultura
041 _a(Pt)
072 _aL73
100 1 _aFagliari, J.J.
100 1 _aOkuda, H.T.
100 1 _aKuchembuck, M.R.G.
100 1 _aCuri, P.R.
245 1 _aIntoxicacao natural de bovinos pela micotoxina esporidesmina. 1. Aspectos epidemiologicos
650 _aBovino
650 _aMicotoxina
650 _aFungo
650 _aIntoxicacao Animal
773 0 _tArquivo Brasileiro de Medicina Veterinaria e Zootecnia (Brazil)
_xISSN 0102-0935
_g(Jun 1993), v. 45(3) p. 263-274
_wBR9500568
909 _a202311
_bLúcia
_c55
_dLúcia Elande
942 _2AGRIS
_n0
_cANA
999 _c140656
_d140656